| 000 | 00536nam a2200181Ia 4500 | ||
|---|---|---|---|
| 001 | 16928 | ||
| 005 | 20260306170347.0 | ||
| 008 | 260306t2022||||xx |||||||||||||| ||und|| | ||
| 041 | _aESP | ||
| 082 |
_a657.3 _bL98 |
||
| 100 |
_aLunga Calderón, Dante _eAUT |
||
| 245 | 0 |
_aEstado de flujos de efectivo: _bpautas para su elaboración; Estados financieros: consideraciones relevantes y análisis práctico |
|
| 260 | _c2022 | ||
| 300 |
_avarias paginaciones : _c24 cm. |
||
| 650 | _aGEN | ||
| 654 | _aCCO | ||
| 942 |
_cLIB _dJUS _fJUS _2ddc _n |
||
| 999 |
_c16928 _d16928 |
||